000
00320nam a2200133Ia 4500
008
191201s1996 xx 000 0 und d
082
_a
523.01
_b
BEN
100
_a
BELLOTTI,E
245
0
_a
Non-accelerator Particle Astrophysics
260
_b
World Scientific
_c
1996
300
_a
541
650
_a
Applied
942
_2
ddc
_c
BK
999
_c
648
_d
648